La custodia procesional de la muy noble Villa de Madrid / (Record no. 149419)

MARC details
000 -LEADER
campo de control de longitud fija 00508nam a2200157 i 4500
001 - NÚMERO DE CONTROL
campo de control 149419
003 - IDENTIFICADOR DE NÚMERO DE CONTROL
campo de control ES-MaACL
005 - FECHA Y HORA DE LA ÚLTIMA TRANSACCIÓN
campo de control 20230906203108.0
007 - CAMPO FIJO DE DESCRIPCIÓN FÍSICA--INFORMACIÓN GENERAL
campo de control de longitud fija t|
008 - DATOS DE LONGITUD FIJA--INFORMACIÓN GENERAL
campo de control de longitud fija 071022s1952 sp ||||1| spa d
100 1# - ENTRADA PRINCIPAL--NOMBRE DE PERSONA
Nombre de persona Varela Hervías, Eulogio.
9 (RLIN) 113159
245 13 - MENCIÓN DEL TÍTULO
Título La custodia procesional de la muy noble Villa de Madrid /
Mención de responsabilidad, etc. por Eulogio Varela Hervías.
260 ## - PUBLICACIÓN, DISTRIBUCIÓN, ETC.
Lugar de publicación, distribución, etc. [Madrid :
Nombre del editor, distribuidor, etc. Ayuntamiento],
Fecha de publicación, distribución, etc. 1952 (
Fabricante Artes Gráficas Municipales)
300 ## - DESCRIPCIÓN FÍSICA
Extensión 20 p. :
Otras características físicas il. ;
Dimensiones 17 cm.
852 ## - LOCALIZACIÓN
Ubicación ES-MaACL
Número de control de estantería 1939-F-13
Holdings
Estatus retirado Estado de pérdida Estado de daño No para préstamo Colección Biblioteca de origen Biblioteca actual Ubicación en estantería Fecha de adquisición Fuente de adquisición Total de préstamos Signatura topográfica completa Código de barras Visto por última vez Precio de reemplazo Tipo de ítem Koha
        Colección de folletos Biblioteca del Ateneo de Madrid Biblioteca del Ateneo de Madrid Depósito folletos 17/01/2008     1939-F-13 1155921 23/02/2023 23/02/2023 Folleto